000 00667nam a2200265Ia 4500
003 OSt
005 20220924123128.0
006 a|||||r|||| 00| 0
007 ta
008 220923b |||||||| |||| 00| 0 ara d
020 _c1.8
024 _a343054
037 _cTextual
040 _aARTS
_cARTS
_bara
041 _2ara
_aara
082 _aZ2, 28H3
100 _aKarimuddin Au.
245 0 _aJameul tazirat
260 _aMeerut
_bMatba-i-gulgasht India
_c1943
300 _a116p.
_ccm.
650 _a LAW
_97240
650 _aARABIC LANGUAGE
_931794
942 _hZ2, 28H3
_cTEXL
_2CC
999 _c414429
_d414429